World War II Leaders and Commanders - Statistics

General Stats
  • This quiz has been taken 50 times
  • The average score is 16 of 20
Answer Stats
Question Answer % Correct
In what year Adolf Hitler's attack on Poland started World War II? 1939
100%
With whom did Joseph Stalin sign the "non-war" pact to divide Poland? Adolf Hitler
100%
Who was Chester Nimitz? Commander of US Pacific Fleet
100%
Which WWI general was known as "The Desert Fox?" Erwin Rommel
100%
Who promised Hitler that his air force (Luftwaffe) could defeat Britain? Hermann Goering
100%
Which fact is not true about Isoroku Yamamoto? He was son of Emperor Yoshihito
100%
Who was Japan's emperor during World War II? Hirohito
100%
Which fact is not true about Dwight Eisenhower? Ordered atomic bombs to be dropped
100%
Where did US general Douglas MacArthur fight in World War II? Pacific
100%
Who commanded Allied ground forces in the D-Day landings? Bernard Montgomery
80%
Who was famous Russian general who led the armies to defeat Germans at Stalingrad and Kursk? Georgi Zhukov
80%
What units German commander Heinz Guderian led in World War II? Tanks
80%
Where did Allied leaders Churchill, Stalin and Roosevelt meet in 1945 to plan the final defeat of Germany? Yalta
80%
In what year Benito Mussolini took Italy to war? 1940
60%
When did Mao Zedong die? 1976
60%
Who was the Commander of British bombers attacking Germany? Arthur Harris
60%
From 1925 who led the Chinese Nationalist government and fought Japanese and Chinese communists? Chiang Kai-shek
60%
Who was accused of plotting to kill Hitler? Erwin Rommell
40%
How was Japanese general Tomoyuki Yamashita also called because of his victories? "The Tiger of Malaya"
40%
Which fact is not true about Winston Churchill? Died in 1955
20%
No matching quizzes found
Score Distribution
Percent of People with Each Score
Percentile by Number Answered
Your Score History
You have not taken this quiz